00417 2200169 4500245005600000020001600056250001000072100002400082650001500106650001800121005001900139260003600158041001400194084000800208300002200216336000900238 a300 Hidangan Sehari-haricPT Media Bogo UtamahText a979-23-6479 aCet.1 aPT Media Bogo Utama aResep Lauk aResep Masakan a20241017111535 aJakartabMedia Boga Utamac2015 aIndonesia a641 a247 hlm. :cilus. atext